000 00471nam a2200193Ia 4500
005 20250603145355.0
008 250603s9999 xx 000 0 und d
020 _a9780702071546
050 _aQR 46 .G64.
100 _aGoering, Richard V...[et al.]
245 0 _aMims’ medical microbiology and immunology
250 _a6th ed.
260 _aNew York
260 _bElsevier Limited.
260 _c2019
300 _a552 p
650 _aNew York
942 _cBK
999 _c41672
_d41672